| 000 | 01330nam a22003737a 4500 | ||
|---|---|---|---|
| 003 | CHAP | ||
| 005 | 20220817041242.0 | ||
| 008 | 971013s1982 r 00010 d | ||
| 010 | _a9631 | ||
| 011 | _a10603 | ||
| 035 | _a9841 | ||
| 040 | _cCHAP | ||
| 082 |
_a512.7 _bA2 |
||
| 100 | 0 | 0 |
_aAbreu, Jose Luis. _9320 |
| 245 | _aSistemas numéricos | ||
| 260 |
_aMéxico : _bLimusa, _c1982 |
||
| 300 |
_a125 p. _b: ilus. |
||
| 490 |
_aCol. Bachillerato tecnológico. Tronco Común. Matemáticas. Texto _v; 1 |
||
| 590 |
_aBATCH-UPD _b10 _c20130110 _lUCH01 _h0009 |
||
| 590 |
_aBATCH-UPD _b10 _c20130110 _lUCH01 _h1733 |
||
| 590 |
_aBATCH-UPD _b10 _c20130409 _lUCH01 _h1946 |
||
| 590 |
_aBATCH-UPD _b10 _c20130410 _lUCH01 _h1114 |
||
| 590 |
_aBATCH-UPD _b10 _c20130914 _lUCH01 _h1000 |
||
| 590 |
_aCONVERSION _b10 _c20130109 _lUCH01 _h1306 |
||
| 650 | 1 | 4 |
_aNúmeros, teoría de los. _981911 |
| 700 | 0 |
_aFetter, Helga. _940670 |
|
| 700 | 0 |
_aReyes, Araceli. _997021 |
|
| 710 | 0 | _aMéxico. Dirección General de Planeación Educativa. | |
| 830 | 0 |
_aCol. Bachillerato tecnológico. Tronco Común. Matemáticas. Texto _v; 1 |
|
| 901 | _aBK | ||
| 942 | _cLIBRO | ||
| 949 |
_a512.7 A2 _bBC _cLIBRO _d33724000414728 _eLIBRO _fc.2 _h66173 _i9841 _mD. Dr. Méndez _si |
||
| 949 |
_a512.7 A2 _bBC _cLIBRO _d33724000732483 _eLIBRO _h62694 _i9841 _mD. Dr. Méndez _si |
||
| 999 |
_c9631 _d9631 |
||